Rwandan Genocide - Statistics

General Stats
  • This quiz has been taken 504 times
  • The average score is 8 of 15
Answer Stats
Hint Answer % Correct
Year in which the genocide happened 1994
89%
Ethnic group Responsible for the genocide Hutu
89%
Minority ethnic group favored by the colonial regimes Tutsi
89%
Colonizer from 1919-1962 Belgium
88%
Colonizer from 1899-1916 Germany
80%
Main weapon supplier of the majority army France
74%
Country where 2 million Rwandans fled to following the victory of the above Zaire
71%
2004 Hollywood movie about the genocide Hotel Rwanda
58%
Exact amount of days the genocide took place 100
55%
'Difference' between them Skincolor/height
37%
Leader of that army and president of Rwanda since 2000 Paul Kagame
29%
Estimated amount of people that died 800.000
23%
Head of the UN at that time Kofi Annan
18%
Army which invaded from uganda during the genocide Rwandan Patriotic Front
15%
Primary financier of extremist media outlets which advocated for the killing of minority groups. He was arrested and convicted by the International Court of Justice Félicien Kabuga
3%
No matching quizzes found
Score Distribution
Percent of People with Each Score
Percentile by Number Answered
Your Score History
You have not taken this quiz